| Поле | Инд. | ПП | Название | Значение |
|---|---|---|---|---|
| Тип записи | a | |||
| Библиографический уровень | b | |||
| 001 | Контрольный номер | UNIDUBNA439055dd5f2e45b58b0f798233edc37e | ||
| 005 | Дата корректировки | 20250603175238.0 | ||
| 008 | Кодируемые данные | 20170331 | ||
| 040 | b | Код языка каталог. | rus | |
| e | Правила каталог. | PSBO | ||
| 041 | 0_ | a | Код языка текста | rus |
| 084 | a | Индекс другой классификации/Индекс ББК | 60.993-36 | |
| 100 | 1_ | a | Автор | Богданова Н. В. |
| 245 | 10 | a | Заглавие | Привитие социально-бытовых навыков детям-инвалидам в условиях комплексной социальной реабилитации |
| 520 | 0_ | a | Аннотация | Процесс формирования социально-бытовых навыков у детей-инвалидов должен осуществляться с учетом личностно-ориентированных моделей социализации и быть направлен на создание реальных возможностей для их самообслуживания. |
| 650 | 14 | a | Основная рубрика | социальная работа |
| 653 | 0_ | a | Ключевые слова | дети с ограниченными возможностями |
| a | Ключевые слова | дети-инвалиды | ||
| a | Ключевые слова | когнитивное развитие | ||
| a | Ключевые слова | комплексная реабилитация | ||
| a | Ключевые слова | коррекционно-реабилитационная работа | ||
| a | Ключевые слова | коррекционные занятия | ||
| a | Ключевые слова | медицинская помощь | ||
| a | Ключевые слова | несовершеннолетние | ||
| a | Ключевые слова | ограниченные возможности здоровья | ||
| a | Ключевые слова | психолого-педагогическая помощь | ||
| a | Ключевые слова | психосоциальная реабилитация | ||
| a | Ключевые слова | реабилитационные технологии | ||
| a | Ключевые слова | реабилитационные центры | ||
| a | Ключевые слова | самообслуживание | ||
| a | Ключевые слова | семья | ||
| a | Ключевые слова | социализация | ||
| a | Ключевые слова | социально-бытовые навыки | ||
| a | Ключевые слова | социальное взаимодействие | ||
| a | Ключевые слова | социальное консультирование | ||
| a | Ключевые слова | социальное сопровождение | ||
| a | Ключевые слова | центры социального обслуживания | ||
| 773 | 08 | t | Заглавие источника | Работник социальной службы |
| d | Дата издания источника | 2023 | ||
| g | Прочая информация | № 6. - С. 46 - 53 | ||
| w | Контрольный № источника | UNIDUBNA80fdad96125a4f3d9570f2d64f3d3f56 | ||
| 901 | t | Тип документа | b |